|
|
|
|
| LEADER |
00767nam a2200181 i 4500 |
| 003 |
GR-PaULI |
| 005 |
20220627102313.0 |
| 008 |
220627s1977 gr ||||| |||| 00| 0 eng d |
| 952 |
|
|
|0 0
|1 0
|2 ddc
|4 0
|6 889_134000000000000_ΠΑΥ
|7 0
|9 361854
|a LISP
|b LISP
|c DON
|d 2022-06-27
|e ΣΚΑ
|i 257845
|l 0
|o 889.134 ΠΑΥ
|p 025000293958
|r 2022-06-27 00:00:00
|t 1
|v 2022.00
|w 2022-06-27
|y BKN
|
| 999 |
|
|
|c 211453
|d 211453
|
| 040 |
|
|
|a GR-PaULI
|b gre
|c GR-PaULI
|e AACR2
|
| 082 |
0 |
4 |
|2 23
|a 889.134
|
| 100 |
1 |
0 |
|9 137875
|a Παυλέας, Σαράντος,
|d 1917-2005
|e συγγραφέας.
|
| 245 |
1 |
0 |
|a Σεισάχθεια /
|c Σαράντος Παυλέας.
|
| 260 |
|
|
|a Θεσσαλονίκη :
|b Νικολαΐδη,
|c 1977.
|
| 300 |
|
|
|a 122 σ.:
|c 24 εκ.
|
| 942 |
|
|
|2 ddc
|c BKN
|
| 998 |
|
|
|c ΣΑΤΛΑΝΗΣ
|d 2022-06
|